000 01010nam a2200301Ia 4500
005 20220316235235.0
008 121119s1997 mx a gr 000 j spa
020 _a9681645588
041 1 _aspa
100 1 _aWalbrecker, Dirk,
245 1 0 _aHas visto? por ahí anda una zorra
_cDirk Walbrecker, Sara Ball ; versión de Francisco Segovia
250 _aSegunda edición
264 1 _aMéxico
_bFondo de Cultura Económica
_c1997
300 _a14 páginas
_bilustraciones
_c23 cm.
336 _atexto
_btxt
_2rdacontent
337 _asin mediación
_bn
_2rdamedia
338 _avolumen
_bnc
_2rdacarrier
490 0 _aLos especiales de a la orilla del viento
650 1 4 _2LEMB
_aCuentos infantiles alemanes
650 1 4 _2LEMB
_aLiteratura infantil alemana
650 1 4 _2LEMB
_aZorras
_vCuentos
650 1 4 _2LEMB
_aBebés
_vCuentos
700 1 _aBall, Sara
_9116752
700 1 _aSegovia, Francisco
_etraductor
_9116753
942 _2loc
_cBKLIT
040 _aCO-BoRNBP
_bspa
_erda
_cCO-BoRNBP
084 _aA WAL3
999 _c336
_d336